Biggest Cities - Botsuana - Statistics

General Stats
  • This quiz has been taken 3 times
  • The average score is 2 of 14
Answer Stats
Poulation City % Correct
244.107 Gaborone
100%
102.444 Francistown
33%
85.293 Maun
33%
74.719 Molepolole
33%
48.030 Kanye
0%
36.078 Letlhakane
0%
47.726 Mahalapye
0%
49.845 Mochudi
0%
88.098 Mogoditshane
0%
52.398 Palapye
0%
33.275 Ramotswa
0%
41.839 Selebi-Phikwe
0%
55.484 Serowe
0%
55.517 Tlokweng
0%
No matching quizzes found
Score Distribution
Percent of People with Each Score
Percentile by Number Answered
Your Score History
You have not taken this quiz